00412 2200169 4500245004400000020001800044250001100062100001700073650001700090005001900107260003700126041001400163084001300177300003200190336000900222338001100231 aPoor Prince Vol. 12cMorinaga, AlhText a979-9374-90-1 aCet. 1 aMorinaga, Al aKomik Jepang a20230131150958 aJakartabIndorestu Pacificc2003 aIndonesia a741.5592 a... jil. :bilus. ;c17 cm. atext avolume